| 000 | 00000nam##2200000za#4500 |
| 001 | 9.525507 |
| 003 | CaOODSP |
| 005 | 20220623094106 |
| 007 | ta |
| 008 | 150406|1995||||xxc||||| f|0| 0 fre|d |
| 020 | |a0-662-61682-0 |
| 040 | |aCaOODSP|bfre |
| 041 | |aeng |
| 041 | |afre |
| 043 | |an-cn--- |
| 086 | 1 |aC21-23/3 |
| 110 | 1 |aCanada.|bIndustrie Canada. |bDirection de l'analyse micro-économique. |
| 245 | 13|aLe rôle des consortiums de R-D dans le développement de la technologie / |cpar Vinod Kumar et Sunder Magun. |
| 260 | |aOttawa - Ontario : |bIndustrie Canada. |c1995. |
| 300 | |aTexte français, vii, 89p. : |bréférences, tableaux ; |c23 cm. |
| 490 | 1 |aDocument hors série|vN° 3, février 1995 |
| 500 | |a«Les consortiums de technologie sont des alliances technologiques entre des entreprises, des universités et des gouvernements. [...] La présente étude analyse le rôle des consortiums de R-D dans le développement des technologies. Nous avons principalement centré notre attention sur la croissance des consortiums de technologie aux États-Unis, la participation d'entreprises canadiennes à ces consortiums et les obstacles institutionnels à la participation canadienne aux alliances américaines de R-D.»--Résumé. |
| 520 | 3 |aLes consortiums de technologie sont des alliances technologiques entre des entreprises, des universités et des gouvernements. [...] La présente étude analyse le rôle des consortiums de R-D dans le développement des technologies. Nous avons principalement centré notre attention sur la croissance des consortiums de technologie aux États-Unis, la participation d'entreprises canadiennes à ces consortiums et les obstacles institutionnels à la participation canadienne aux alliances américaines de R-D.--Résumé |
| 546 | |aBilingue |
| 563 | |aCouverture souple |
| 691 | 07|aRecherche et développement|2gcpds |
| 691 | 07|aTechnologie|2gcpds |
| 720 | 1 |aKumar, Vinod |
| 720 | 1 |aMagun, Sunder |
| 776 | 0#|tLe rôle des consortiums de R-D dans le développement de la technologie : |w(CaOODSP)9.601219 |
| 776 | 0#|tThe role of R&D consortia in technology development : |w(CaOODSP)9.570570 |
| 791 | |tThe role of R&D consortia in technology development / |eeng|w(CaOODSP)9.525506 |
| 830 | #0|aDocument hors série (Canada. Industrie Canada)|vN° 3, février 1995|w(CaOODSP)9.509051 |